00460nam a2200169 a 450000500170000000800410001702000180005805000300007610000170010624500420012326000360016530000290020152100090023065000100023965000240024970000170027320140310183451.0090120s19uu xx 00 eng d a9780071481700 aHF 5549.5.S38 b.D38 2007 aDavila, Lori aPerfect phrases for perfect hiring. / aNew York :bMcGraw-Hill,c2007. a191 p. :bill. ;c23 cm. aBSBA aBSBA. aEmployee selection. aKing, Margot